Rudyard Kipling (Registro nro. 23504)

Detalles MARC
000 -CABECERA
Longitud fija campo de control 00695nam a2200229 a 4500
003 - IDENTIFICADOR DELl NÚMERO DE CONTROL
Identificador del número de control OSt
005 - FECHA Y HORA DE LA ÚLTIMA TRANSACCIÓN
Fecha y hora de la última transacción 20151117093837.0
008 - CÓDIGOS DE INFORMACIÓN DE LONGITUD FIJA
Códigos de información de longitud fija 070912s1988 esp 000 1dspa d
020 ## - NÚMERO INTERNACIONAL NORMALIZADO PARA LIBROS
Número Internacional Normalizado para Libros (ISBN) 84-320-2355-8
040 ## - FUENTE DE LA CATALOGACIÓN
Centro transcriptor BMC
082 ## - NÚMERO DE LA CLASIFICACIÓN DECIMAL DEWEY
Númeroo de clasificación 808.06842
100 1# - PUNTO DE ACCESO PRINCIPAL-NOMBRE DE PERSONA
Nombre de persona Kipling, Rudyard
Fechas asociadas al nombre 1865-1936
9 (RLIN) 589
245 10 - MENCIÓN DE TÍTULO
Título Rudyard Kipling
Resto del título : 1907
Mención de responsabilidad, etc. Rudyard Kipling; prólogo, Andrés Bosch
250 ## - MENCIÓN DE EDICIÓN
Mención de edición 13ª ed
260 ## - PUBLICACIÓN, DISTRIBUCIÓN, ETC. (PIE DE IMPRENTA)
Lugar de publicación, distribución, etc. Barcelona
Nombre del editor, distribuidor, etc. Planeta
Fecha de publicación, distribución, etc. 1988
300 ## - DESCRIPCIÓN FÍSICA
Extensión IV, 821 p.
Dimensiones 18 cm
490 0# - MENCIÓN DE SERIE
Mención de serie Obras selectas de premios Nobel
505 0# - NOTA DE CONTENIDO CON FORMATO
Nota de contenido con formato Contiene: En tinieblas -- Acciones y reacciones -- Muchas fantasías
650 24 - PUNTO DE ACCESO ADICIONAL DE MATERIA - TÉRMINO DE MATERIA
9 (RLIN) 29437
Término de materia o nombre geográfico como elemento inicial Cuentos ingleses
700 1# - PUNTO DE ACCESO ADICIONAL - NOMBRE DE PERSONA
Nombre de persona Bosch, Andrés
9 (RLIN) 30223
942 ## - ENTRADA DE ELEMENTOS AGREGADOS (KOHA)
Fuente de clasificaión o esquema Dewey Decimal Classification
Koha [por defecto] tipo de item 1- Monografias
Existencias
Suprimido Perdido Fuente de clasificación o esquema Estropeado Restricciones de uso No para préstamo Código de colección Localización permanente Localización actual Localización en estanter&íacute;as Fecha adquisición Fuente de adquisición Número de inventario Préstamos totales Signatura completa Código de barras Fecha última consulta Coste, precio reemplazado Fecha del precio de reemplazo Tipo de item de Koha
NULL NULL Dewey Decimal Classification NULL Prestable NULL NULL Biblioteca Miguel de Cervantes - UNICAES Biblioteca Miguel de Cervantes - UNICAES Sala Principal 31/08/2015 Donación - ADESH 030966   C KIP rud 1035109 13/11/2015 5.00 13/11/2015 1- Monografias